03265cam a22003494a 450000100090000000300040000900500170001300800410003001000170007102000150008803500230010304000280012604200080015404300120016205000220017408200230019624501250021926000610034430000330040550400410043850521000047965000430257965000540262265100590267670000200273570000260275570000250278171000330280690600450283994200120288499900190289613859446OSt20170602134505.0050202s2004 dcua b i000 0 eng c a 2005295272 a158906318X a(OCoLC)ocm56767741 aMUMcMUMdGHGdWAUdDLC apcc ad------00aHJ1620b.H45 200400a339.5/2/09172422200aHelping countries develop :bthe role of fiscal policy /ceditors: Sanjeev Gupta, Benedict Clements, Gabriela Inchauste. aWashington, D.C. :bInternational Monetary Fund,cc2004. axi, 528 p. :bill. ;c23 cm. aIncludes bibliographical references.00tFiscal policy for economic development: an overview /rBenedict Clements, Sanjeev Gupta, Gabriela Inchauste --tFiscal policy, expenditure composition, and growth in low-income countries /rSanjeev Gupta ... [et al.] --tPersistence of fiscal adjustments and expenditure composition in low-income countries /rEmanuele Baldacci ... [et al.] --tGrowth, governance, and fiscal policy transmission channels in low-income countries /rEmanuele Baldacci, Arye L. Hillman, Naoko Kojo --tExternal debt, public investment and growth in low-income countries /rBenedict Clements, Rina Bhattacharya, Tuan Quoc Nguyen --tA framework for fiscal debt sustainability analysis in low-income countries /rEmanuele Baldacci, Kevin Fletcher --tExperience with budgetary convergence in the WAEMU /rOusmane Doré, Paul R. Masson --tThe effectiveness of government spending on education and health care in developing and transition economies /rSanjeev Gupta, Marijn Verhoeven, Erwin R. Tiongson --tPublic spending on health care and the poor /rSanjeev Gupta, Marijn Verhoeven, Erwin R. Tiongson --tUser payments for basic education in low-income countries /rArye L. Hillman, Eva Jenkner --tThe efficiency of government expenditure: experiences from Africa /rSanjeev Gupta, Marijn Verhoeven --tTax policy in developing countries: some lessons from the 1990s and some challenges ahead /rMichael Keen, Alejandro Simone --tSocial impact of a tax reform: the case of Ethiopia /rSònia Muñoz, Stanley Sang-Wook Cho --tForeign aid and revenue response: does the composition of aid matter? /rSanjeev Gupta ... [et al.] --tMore aid: making it work for the poor /rPeter S. Heller, Sanjeev Gupta --tAid and fiscal management /rAlex̌ Bulíř, Timothy Lane --tForeign aid and consumption smoothing: evidence from global food aid /rSanjeev Gupta, Benedict Clements, Erwin R. Tiongson --tFiscal consequences of armed conflict and terrorism in low- and middle-income countries /rSanjeev Gupta ... [et al.] --tA comparison between two public expenditure management systems in Africa /rIan Lienert. 0aFinance, PubliczDeveloping countries. 0aGovernment spending policyzDeveloping countries. 0aDeveloping countriesxAppropriations and expenditures.1 aGupta, Sanjeev.1 aClements, Benedict J.1 aInchauste, Gabriela.2 aInternational Monetary Fund. a7bcbccpccadapd2encipf20gy-gencatlg 2lcccSB c256508d256507